Facts about Kenya Quiz Stats

 Plays Quiz not verified by Sporcle

Challenge
Share
Tweet
Embed
Score 0/11 Timer 03:00
0 Plays Today
Hint Answer % Correct
How many counties are in Kenya?47
75%
Which reserve is the continuation of the Serengeti national park in Tanzania?Masai Mara
58.3%
Which is the second largest lake?Turkana
58.3%
The Galana River drains into which water body?Indian Ocean
50%
Month the sun is directly overhead the equator IIMarch
50%
Month the sun is directly overhead the equator ISeptember
50%
Mombasa experiences what type of rainfall?Convectional rainfall
33.3%
Which is the largest county?Marsabit
25%
What was the country named after?Mt. Kenya
16.7%
Which type of winds dominate the Kenyan coast?Monsoon
8.3%
When was the last time a volcano erupted in Kenya?1922
0%

You're not logged in!

Compare scores with friends on all Sporcle quizzes.
OR
Log In

You Might Also Like...

Show Comments

Extras

Created Jul 29, 2017ReportNominate
Tags:kenya

Top Quizzes Today


Score Distribution

Your Account Isn't Verified!

In order to create a playlist on Sporcle, you need to verify the email address you used during registration. Go to your Sporcle Settings to finish the process.

Report this User

Report this user for behavior that violates our Community Guidelines.

Details: